UBT Library

Biochemistry / (Record no. 43716)

000 -LEADER
fixed length control field 01004cam a2200313 a 4500
001 - CONTROL NUMBER
control field 1127304
005 - DATE AND TIME OF LATEST TRANSACTION
control field 20180228080359.0
008 - FIXED-LENGTH DATA ELEMENTS--GENERAL INFORMATION
fixed length control field 941229s1995 nyua b 001 0 eng c
010 ## - LIBRARY OF CONGRESS CONTROL NUMBER
LC control number 94049605
020 ## - INTERNATIONAL STANDARD BOOK NUMBER
International Standard Book Number 047158651X (cloth : acidfree paper)
020 ## - INTERNATIONAL STANDARD BOOK NUMBER
International Standard Book Number 0471135585 (IBM version)
020 ## - INTERNATIONAL STANDARD BOOK NUMBER
International Standard Book Number 0471135593 (Mac Version)
020 ## - INTERNATIONAL STANDARD BOOK NUMBER
International Standard Book Number 0471058823 (CDROM)
040 ## - CATALOGING SOURCE
Original cataloging agency DNLM/DLC
Transcribing agency DLC
Modifying agency DLC
041 ## - LANGUAGE CODE
Language code of text/sound track or separate title eng
060 00 - NATIONAL LIBRARY OF MEDICINE CALL NUMBER
Classification number QU 4 V876b 1995
080 ## - UNIVERSAL DECIMAL CLASSIFICATION NUMBER
Universal Decimal Classification number 574.19/2 don
082 00 - DEWEY DECIMAL CLASSIFICATION NUMBER
Classification number 574.19/2 don
Edition number 20
100 1# - Rafti
Rafti 5
101 ## - Shkurtesa
Shkurtesa kim
245 10 - TITLE STATEMENT
Title Biochemistry /
Statement of responsibility, etc Donald Voet, Judith G. Voet.
504 ## - BIBLIOGRAPHY, ETC. NOTE
Bibliography, etc Includes bibliographical references and index.
740 0# - ADDED ENTRY--UNCONTROLLED RELATED/ANALYTICAL TITLE
Uncontrolled related/analytical title Kinemages.
740 0# - ADDED ENTRY--UNCONTROLLED RELATED/ANALYTICAL TITLE
Uncontrolled related/analytical title Image manager.
906 ## - LOCAL DATA ELEMENT F, LDF (RLIN)
a 7
b cbc
c orignew
d 1
e ocip
f 19
g y-gencatlg
942 ## - ADDED ENTRY ELEMENTS (KOHA)
Source of classification or shelving scheme
Item type Books
Holdings
Withdrawn status Lost status Source of classification or shelving scheme Damaged status Not for loan Collection code Permanent location Current location Shelving location Date acquired Total Checkouts Full call number Barcode Date last seen Price effective from Koha item type
          Koleksioni i përgjithshem UBT - Lipjan UBT - Lipjan Koleksioni i përgjithshem 02/28/2018   574.19/2 don 002-3000210 02/28/2018 02/28/2018 Books
UBT Library © 2015-2024. All rights reserved University Education for Business and Technology